000 nam a22 a 4500
999 _c471986
_d471986
003 BLK
005 20220826140431.0
008 180408b bul|||||r ||||||| ||bul||
020 _a9786192431112
040 _aBLK
041 _aBUL
_cBUL
080 _aИстория на Втората световна война (1939-1945)
_b94(430)"1939/1945"
_x(093.3)
_z94(430)"1939/1945"(093.3)
100 _aКошорек, Гюнтер К.
_eпърви автор
_9480082
139 _aКошорек, Гюнтер К.
245 1 0 _aКървавочервен сняг
_bМемоарите на един германски войник от Източния фронт
_cГюнтер Кошорек ; прев. от англ. Стоянка Сербезова-Леви
257 _aBGR
260 _aСофия
_bПрозорец
_c2022
_9209461
_n978-954-733- ; 954-8079-
300 _a303 с.
_bс ил., портр.
_c21 см
380 _a9
490 _9201398
_aПоредица Хроника
500 _aОриг. загл.: Vergiss die Zeit der Dornen nicht / Günter K. Koschorrek Прев. по: Blood red snow Възприетата форма на името на прев. Стоянка Сербезова-Леви е Стоянка Минчева Сербезова
650 0 _9276224
_aВтора световна война - история
651 7 _9178754
_aГермания
653 7 _9183661
_aВтора световна война
653 7 _9197141
_aспомени
700 _9243864
_aСербезова, Стоянка Минчева
_eпрев. от англ.
852 _aЦб 313518
_bЦб
856 4 _qpdf
856 4 _qpdf
942 _cKNG
_n0
_s1
944 _aCR
_c2022-08-26
_kК.Д>
999 _d471986